[Event "Cesme op-A 11th"]
[Site "Izmir"]
[Date "2025.06.24"]
[Round "3"]
[White "Kiolbasa, Oliwia"]
[Black "Dudin, Gleb"]
[Result "1-0"]
[WhiteElo "2366"]
[BlackElo "2574"]
[PlyCount "65"]
[EventDate "2025.06.23"]
[EventType "swiss"]
[EventRounds "9"]
[EventCountry "TUR"]
[SourceTitle "CB27_2025"]
[SourceDate "2025.07.02"]
[SourceVersion "1"]
[SourceVersionDate "2025.07.02"]
[SourceQuality "1"]

1. e4 c5 2. Nf3 d6 3. d4 cxd4 4. Nxd4 Nf6 5. Nc3 a6 6. h3 e6 7. g4 h6 8. a3 b5 9. Bg2 Bb7 10. Qe2 Nc6 11. Nxc6 Bxc6 12. Be3 Nd7 13. f4 Be7 14. 0-0 0-0 15. Rad1 Rb8 16. Bf2 a5 17. Qd2 b4 18. axb4 axb4 19. Ne2 Bb5 20. Rfe1 Qc7 21. Nd4 Nc5 22. b3 Ba6 23. h4 Rfd8 24. g5 hxg5 25. hxg5 Bf8 26. f5 d5 27. exd5 exd5 28. g6 Ne4 29. Bxe4 dxe4 30. Qg5 Bc5 31. Qh4 Bb7 32. Qh7+ Kf8 33. Ne6+ 1-0

[Event "Stockholm Hotel N GM 4th"]
[Site "Upplands Vasby"]
[Date "2025.06.12"]
[Round "8"]
[White "Kiolbasa, Oliwia"]
[Black "Fiskaaen, Martin Holten"]
[Result "0-1"]
[WhiteElo "2366"]
[BlackElo "2292"]
[PlyCount "120"]
[EventDate "2025.06.09"]
[EventType "tourn"]
[EventRounds "9"]
[EventCountry "SWE"]
[EventCategory "8"]
[SourceTitle "CB26_2025"]
[SourceDate "2025.06.25"]
[SourceVersion "1"]
[SourceVersionDate "2025.06.25"]
[SourceQuality "1"]

1. d4 Nf6 2. Nc3 d5 3. Bf4 e6 4. Nb5 Na6 5. e3 Be7 6. Nf3 0-0 7. h4 Bd7 8. Ne5 Be8 9. a4 Ne4 10. c3 f6 11. Nd3 c6 12. Na3 Bd6 13. Bxd6 Qxd6 14. g3 Qe7 15. Bg2 Nd6 16. 0-0 e5 17. dxe5 fxe5 18. Qe2 e4 19. Nf4 Bf7 20. Rfd1 Nc5 21. Nc2 Nd7 22. Nd4 Ne5 23. a5 a6 24. Bh3 Qf6 25. Kg2 Rae8 26. Rac1 Re7 27. b3 Rfe8 28. Rd2 g6 29. Rh1 h6 30. b4 Rf8 31. Rc2 Ne8 32. Kf1 Ng7 33. Ke1 Be8 34. Kd1 g5 35. hxg5 hxg5 36. Nfe6 Nxe6 37. Bxe6+ Rxe6 38. Nxe6 Qxe6 39. Qf1 c5 40. Qg2 Bh5+ 41. g4 Qxg4+ 42. Qxg4 Bxg4+ 43. Kc1 Kg7 44. Kb1 Rc8 45. Rd2 Be6 46. Rdd1 cxb4 47. cxb4 Rc4 48. Rd4 Rxd4 49. exd4 Nd3 50. Rh2 Nxb4 51. Kb2 Nc6 52. Kc3 Nxa5 53. Kb4 b6 54. Rh5 Nc6+ 55. Kc3 g4 56. Rg5+ Kf6 57. Rh5 b5 58. Rh8 a5 59. Ra8 e3 60. fxe3 g3 0-1

[Event "Stockholm Hotel N GM 4th"]
[Site "Upplands Vasby"]
[Date "2025.06.11"]
[Round "6"]
[White "Kiolbasa, Oliwia"]
[Black "Kvaloy, Aksel Bu"]
[Result "0-1"]
[WhiteElo "2366"]
[BlackElo "2479"]
[PlyCount "110"]
[EventDate "2025.06.09"]
[EventType "tourn"]
[EventRounds "9"]
[EventCountry "SWE"]
[EventCategory "8"]
[SourceTitle "CB26_2025"]
[SourceDate "2025.06.25"]
[SourceVersion "1"]
[SourceVersionDate "2025.06.25"]
[SourceQuality "1"]

1. e4 c5 2. Nf3 d6 3. Bb5+ Nd7 4. 0-0 a6 5. Bxd7+ Bxd7 6. c3 Nf6 7. Re1 e6 8. d4 cxd4 9. cxd4 d5 10. e5 Ne4 11. Nfd2 Nxd2 12. Nxd2 Be7 13. Nf3 0-0 14. Bf4 Qb6 15. Qe2 Rfc8 16. Rac1 a5 17. h4 Qb5 18. Qxb5 Bxb5 19. g3 Bc4 20. b3 Bd3 21. Rxc8+ Rxc8 22. Rc1 Rxc1+ 23. Bxc1 Bb1 24. a3 Bc2 25. Nd2 h5 26. f4 Kf8 27. Kf2 Ke8 28. Bb2 b6 29. Ke3 Kd7 30. Ke2 Kc6 31. Nf3 Bxb3 32. Ng5 Bxg5 33. fxg5 Kb5 34. Kd3 Ka4 35. Kc3 Bd1 36. Bc1 b5 37. Kb2 b4 38. axb4 axb4 39. Kb1 Kb3 40. Bd2 Kc4 41. Kc1 Bg4 42. Kb2 g6 43. Kc2 b3+ 44. Kb2 Bd1 45. Be3 Kd3 46. Bf4 Kxd4 47. Kc1 Bc2 48. Kd2 Be4 49. Kc1 Kc3 50. Bd2+ Kd3 51. Bf4 Ke2 52. Kb2 Bc2 53. Kc3 d4+ 54. Kb2 d3 55. Kc1 b2+ 0-1

[Event "Katowice rapid op"]
[Site "Katowice"]
[Date "2025.06.02"]
[Round "3"]
[White "Kiolbasa, Oliwia"]
[Black "Ochedzan, Filip"]
[Result "0-1"]
[WhiteElo "2241"]
[BlackElo "1928"]
[PlyCount "86"]
[EventDate "2025.05.31"]
[EventType "swiss"]
[EventRounds "11"]
[EventCountry "POL"]
[SourceTitle "CB24_2025"]
[SourceDate "2025.06.11"]
[SourceVersion "1"]
[SourceVersionDate "2025.06.11"]
[SourceQuality "1"]

1. Nf3 Nf6 2. g3 b5 3. Bg2 Bb7 4. d4 e6 5. a4 b4 6. c4 c5 7. d5 exd5 8. Nh4 g6 9. 0-0 Bg7 10. cxd5 0-0 11. Nd2 d6 12. Nc4 Ba6 13. Qc2 Bxc4 14. Qxc4 Nbd7 15. a5 Re8 16. h3 Qe7 17. Re1 Ne5 18. Qc2 Qb7 19. f4 Ned7 20. Qc4 a6 21. e4 Qb5 22. Qc2 c4 23. Be3 b3 24. Qb1 Nc5 25. e5 dxe5 26. fxe5 Rxe5 27. Bd4 Rxe1+ 28. Qxe1 Nd3 29. Qf1 Nxd5 30. Bxg7 Kxg7 31. Qf3 Rd8 32. Rf1 Qd7 33. Qe4 Qa7+ 34. Kh2 Ne3 35. Rf3 Nxg2 36. Kxg2 Qc7 37. Qg4 Kh8 38. Qg5 Rd6 39. Qe3 Re6 40. Qd4+ Kg8 41. Rf1 Qe5 42. Qd8+ Kg7 43. Nf5+ gxf5 0-1

[Event "POL-ch (Women) 76th"]
[Site "Krakow"]
[Date "2025.05.12"]
[Round "7"]
[White "Kiolbasa, Oliwia"]
[Black "Socko, Monika"]
[Result "0-1"]
[WhiteElo "2359"]
[BlackElo "2364"]
[PlyCount "82"]
[EventDate "2025.05.06"]
[EventType "tourn"]
[EventRounds "9"]
[EventCountry "POL"]
[EventCategory "3"]
[SourceTitle "CB21_2025"]
[SourceDate "2025.05.21"]
[SourceVersion "1"]
[SourceVersionDate "2025.05.21"]
[SourceQuality "1"]

1. d4 Nf6 2. Nc3 d5 3. Bf4 a6 4. e3 e6 5. h4 c5 6. g4 Nc6 7. g5 Nd7 8. Nf3 b5 9. a3 Bb7 10. Bh3 Nb6 11. Ne2 c4 12. Ng3 Bd6 13. Nh5 Rg8 14. c3 Bxf4 15. exf4 Qe7 16. Qe2 0-0-0 17. Kf1 Kb8 18. Re1 Qc7 19. Ne5 Nc8 20. Nxf7 Qxf7 21. Bxe6 Qc7 22. Bxg8 Rxg8 23. Qe6 Rf8 24. f5 Nd6 25. f6 gxf6 26. Nxf6 Ka7 27. Qxd5 Ne7 28. Qc5+ Qxc5 29. dxc5 Ndf5 30. Rg1 Rf7 31. Rg4 Ng6 32. h5 Ngh4 33. Re5 Nf3 34. g6 hxg6 35. hxg6 Rxf6 36. Rxf5 Nh2+ 37. Ke2 Nxg4 38. g7 Rg6 39. Rf7 Nh6 40. Rd7 Kb8 41. f4 Bc8 0-1

[Event "POL-ch (Women) 76th"]
[Site "Krakow"]
[Date "2025.05.06"]
[Round "1"]
[White "Dwilewicz, Katarzyna"]
[Black "Kiolbasa, Oliwia"]
[Result "0-1"]
[WhiteElo "2207"]
[BlackElo "2359"]
[PlyCount "98"]
[EventDate "2025.05.06"]
[EventType "tourn"]
[EventRounds "9"]
[EventCountry "POL"]
[EventCategory "3"]
[SourceTitle "CB21_2025"]
[SourceDate "2025.05.21"]
[SourceVersion "1"]
[SourceVersionDate "2025.05.21"]
[SourceQuality "1"]

1. e4 e5 2. Nf3 Nc6 3. Bb5 a6 4. Ba4 Nf6 5. 0-0 Be7 6. d3 b5 7. Bb3 d6 8. a3 Na5 9. Ba2 c5 10. Nc3 Be6 11. Bg5 Nc6 12. Bxf6 Bxf6 13. Nd5 0-0 14. h3 g6 15. Nxf6+ Qxf6 16. c3 Rad8 17. Re1 d5 18. exd5 Bxd5 19. Bxd5 Rxd5 20. Qe2 Rfd8 21. Rad1 Qd6 22. Qe3 c4 23. Qh6 f6 24. d4 exd4 25. cxd4 Nxd4 26. Nxd4 Rxd4 27. Rxd4 Qxd4 28. g3 Qd6 29. Qe3 Qe5 30. Qxe5 fxe5 31. Rxe5 Rd2 32. Re8+ Kf7 33. Ra8 Rxb2 34. Rxa6 c3 35. Kg2 Ra2 36. Rb6 c2 37. Rc6 Ke7 38. h4 Kd7 39. Rc3 Kd6 40. g4 Kd5 41. h5 Kd4 42. Rc7 gxh5 43. gxh5 Kd3 44. h6 Rxa3 45. Rd7+ Ke2 46. Re7+ Kd2 47. Rxh7 c1Q 48. Rd7+ Rd3 49. h7 Qc6+ 0-1

[Event "Sardinia World op-A"]
[Site "Orosei"]
[Date "2025.05.03"]
[Round "9"]
[White "Moroni, Luca Jr"]
[Black "Kiolbasa, Oliwia"]
[Result "1-0"]
[WhiteElo "2545"]
[BlackElo "2361"]
[PlyCount "116"]
[EventDate "2025.04.27"]
[EventType "swiss"]
[EventRounds "9"]
[EventCountry "ITA"]
[SourceTitle "CB19_2025"]
[SourceDate "2025.05.07"]
[SourceVersion "1"]
[SourceVersionDate "2025.05.07"]
[SourceQuality "1"]

1. c4 e6 2. Nc3 d5 3. d4 Nf6 4. cxd5 exd5 5. Bg5 c6 6. e3 h6 7. Bh4 Be7 8. Bd3 0-0 9. Nge2 Ne8 10. Bxe7 Qxe7 11. Nf4 Nd6 12. Qf3 Nd7 13. g4 Nf6 14. h3 Nde4 15. Bxe4 Nxe4 16. Nxe4 dxe4 17. Qe2 Be6 18. a3 Rfd8 19. Rc1 Rac8 20. Qc2 Bd5 21. Qc5 Qxc5 22. Rxc5 b6 23. Rc3 c5 24. dxc5 Rxc5 25. Rxc5 bxc5 26. Nxd5 Rxd5 27. Ke2 Rd3 28. Rc1 Rb3 29. Rxc5 Rxb2+ 30. Kf1 Rb6 31. Ra5 a6 32. h4 Rg6 33. g5 hxg5 34. hxg5 Kh7 35. a4 Re6 36. Kg2 Kg6 37. Kg3 Kh5 38. Kf4 Kg6 39. Rd5 Kh5 40. Rd4 Rg6 41. Rd5 Re6 42. Rd7 Kg6 43. Rd4 Kh5 44. Rd5 Kg6 45. a5 Kh5 46. Rf5 Re7 47. Rc5 Re6 48. Kf5 Rg6 49. Kxe4 Rxg5 50. Kd4 f5 51. f4 Rg6 52. Rxf5+ Kg4 53. Rf7 Kf3 54. e4 Rd6+ 55. Ke5 Rc6 56. Kd5 Rc2 57. e5 Ra2 58. e6 Rxa5+ 1-0

[Event "Sardinia World op-A"]
[Site "Orosei"]
[Date "2025.04.30"]
[Round "5"]
[White "Kiolbasa, Oliwia"]
[Black "Bettalli, Francesco"]
[Result "1/2-1/2"]
[WhiteElo "2361"]
[BlackElo "2355"]
[PlyCount "41"]
[EventDate "2025.04.27"]
[EventType "swiss"]
[EventRounds "9"]
[EventCountry "ITA"]
[SourceTitle "CB19_2025"]
[SourceDate "2025.05.07"]
[SourceVersion "1"]
[SourceVersionDate "2025.05.07"]
[SourceQuality "1"]

1. Nf3 f5 2. d4 Nf6 3. g3 e6 4. Bg2 Be7 5. 0-0 Ne4 6. c4 d5 7. Qc2 c6 8. Nc3 Nd7 9. Rd1 b6 10. cxd5 exd5 11. Nxe4 dxe4 12. Qxc6 exf3 13. Bxf3 Rb8 14. Bh5+ g6 15. Bxg6+ hxg6 16. Qxg6+ Kf8 17. Bh6+ Rxh6 18. Qxh6+ Kf7 19. Qh7+ Kf8 20. Qh6+ Kf7 21. Qh7+ 1/2-1/2

[Event "EU-ch (Women) 25th"]
[Site "Rhodes"]
[Date "2025.04.07"]
[Round "7"]
[White "Velikic, Adela"]
[Black "Kiolbasa, Oliwia"]
[Result "1/2-1/2"]
[WhiteElo "2214"]
[BlackElo "2361"]
[PlyCount "113"]
[EventDate "2025.03.31"]
[EventType "swiss"]
[EventRounds "11"]
[EventCountry "GRE"]
[SourceTitle "CB16_2025"]
[SourceDate "2025.04.16"]
[SourceVersion "1"]
[SourceVersionDate "2025.04.16"]
[SourceQuality "1"]

1. c4 Nf6 2. Nc3 e5 3. g3 Bb4 4. Bg2 0-0 5. e4 d6 6. Nge2 a5 7. 0-0 Bc5 8. d4 exd4 9. Nxd4 Ng4 10. Na4 Qf6 11. Nxc5 dxc5 12. Nf5 Ne5 13. Ne3 Rd8 14. Nd5 Qd6 15. f4 Nxc4 16. Qc2 Nb6 17. e5 Qd7 18. Rd1 Nxd5 19. Bxd5 Qe7 20. Be3 Na6 21. Be4 Bg4 22. Rxd8+ Rxd8 23. a3 c6 24. Bxh7+ Kh8 25. Be4 Qe6 26. h3 Bxh3 27. Kf2 g6 28. Rd1 Rxd1 29. Qxd1 Qd7 30. Qe1 a4 31. Qc3 Kh7 32. Qc4 b5 33. Qc1 Bg4 34. Qh1+ Kg8 35. Bxc6 Qd3 36. Qe1 Nb8 37. Bg2 Nd7 38. Bf1 Qf5 39. Kg1 c4 40. Bg2 Nf8 41. Bc6 Qc2 42. Qd2 Qb3 43. Bf2 Ne6 44. Qc3 Qd1+ 45. Kg2 Qe2 46. Kg1 Bh3 47. Bb6 Bf5 48. Bf3 Qc2 49. Qxc2 Bxc2 50. Bd5 Bb3 51. Bxe6 fxe6 52. Ba5 Kf7 53. Kf2 Ke7 54. Ke3 Kd7 55. Kf3 Bd1+ 56. Ke4 Kc6 57. Kd4 1/2-1/2

[Event "EU-ch (Women) 25th"]
[Site "Rhodes"]
[Date "2025.04.05"]
[Round "6"]
[White "Kiolbasa, Oliwia"]
[Black "Zherebtsova, Alexandra"]
[Result "1/2-1/2"]
[WhiteElo "2361"]
[BlackElo "2234"]
[PlyCount "100"]
[EventDate "2025.03.31"]
[EventType "swiss"]
[EventRounds "11"]
[EventCountry "GRE"]
[SourceTitle "CB16_2025"]
[SourceDate "2025.04.16"]
[SourceVersion "1"]
[SourceVersionDate "2025.04.16"]
[SourceQuality "1"]

1. e4 e5 2. Nf3 Nc6 3. Bc4 Nf6 4. d3 d5 5. exd5 Nxd5 6. 0-0 Be7 7. Re1 f6 8. d4 Nb6 9. Bb5 0-0 10. Bxc6 bxc6 11. dxe5 Qxd1 12. Rxd1 Bg4 13. Nbd2 fxe5 14. Re1 Bd6 15. Ng5 Nd5 16. a3 Nf4 17. f3 Bf5 18. Nge4 Ne6 19. b3 Nd4 20. Ra2 Be6 21. Nf1 c5 22. Be3 Rfe8 23. Nfd2 Rab8 24. Bf2 h6 25. a4 a6 26. Kf1 Kf8 27. h4 Bf7 28. Bg3 Rb7 29. Bf2 Reb8 30. Rd1 Be7 31. Re1 Bd6 32. g3 c4 33. Nxc4 Bxc4+ 34. bxc4 Nxf3 35. Rd1 Rb1 36. Rxb1 Rxb1+ 37. Ke2 Nh2 38. Nxd6 cxd6 39. c5 Ke7 40. Ra3 Rb2 41. Rc3 dxc5 42. Rxc5 Ng4 43. Be1 Kd6 44. Rc8 e4 45. Bd2 h5 46. a5 Kd5 47. Rd8+ Kc4 48. Rc8+ Kd5 49. Bf4 Ra2 50. Bd2 Rb2 1/2-1/2

[Event "EU-ch (Women) 25th"]
[Site "Rhodes"]
[Date "2025.04.03"]
[Round "4"]
[White "Kiolbasa, Oliwia"]
[Black "Dwilewicz, Katarzyna"]
[Result "1-0"]
[WhiteElo "2361"]
[BlackElo "2208"]
[PlyCount "117"]
[EventDate "2025.03.31"]
[EventType "swiss"]
[EventRounds "11"]
[EventCountry "GRE"]
[SourceTitle "CB16_2025"]
[SourceDate "2025.04.16"]
[SourceVersion "1"]
[SourceVersionDate "2025.04.16"]
[SourceQuality "1"]

1. e4 c5 2. Nf3 d6 3. d4 cxd4 4. Nxd4 Nf6 5. Nc3 a6 6. h3 e6 7. g4 Nfd7 8. g5 Be7 9. Be3 Nc6 10. h4 Qc7 11. f4 b5 12. Nxc6 Qxc6 13. a3 Bb7 14. Rh3 h6 15. g6 fxg6 16. Qg4 Nf8 17. 0-0-0 h5 18. Qg1 Bf6 19. Bd4 Bxd4 20. Qxd4 Rd8 21. Rg3 Rd7 22. Rg5 e5 23. Qg1 Ne6 24. Rxg6 Nxf4 25. Rxg7 Rf8 26. Nd5 Rxg7 27. Qxg7 Nxd5 28. exd5 Qd7 29. Qg6+ Kd8 30. Qxh5 Qf5 31. Qxf5 Rxf5 32. Be2 Rf2 33. Kd2 Rh2 34. h5 Ke7 35. Ke3 Rh3+ 36. Bf3 Kf6 37. Kf2 e4 38. Bg4 Rh2+ 39. Kg3 Rxc2 40. h6 Rc7 41. Kf4 Rh7 42. Rh1 e3 43. Bf5 Rh8 44. Be4 e2 45. h7 Kg7 46. Re1 Rf8+ 47. Ke3 Re8 48. Kd4 Kh8 49. Rxe2 Re5 50. Rf2 Re8 51. Rf7 Bc8 52. Ke3 a5 53. Kd4 b4 54. Ra7 bxa3 55. bxa3 a4 56. Rxa4 Bb7 57. Rb4 Ra8 58. Rxb7 Ra4+ 59. Rb4 1-0

[Event "EU-ch 25th"]
[Site "Eforie Nord"]
[Date "2025.03.19"]
[Round "5"]
[White "Kiolbasa, Oliwia"]
[Black "Shilon Rahav, Eliran"]
[Result "1-0"]
[WhiteElo "2360"]
[BlackElo "2040"]
[PlyCount "117"]
[EventDate "2025.03.15"]
[EventType "swiss"]
[EventRounds "11"]
[EventCountry "ROU"]
[SourceTitle "CB13_2025"]
[SourceDate "2025.03.26"]
[SourceVersion "1"]
[SourceVersionDate "2025.03.26"]
[SourceQuality "1"]

1. d4 d5 2. c4 e6 3. Nc3 Nf6 4. cxd5 exd5 5. Bg5 Be6 6. e3 Nbd7 7. Bd3 c6 8. f3 Be7 9. Nge2 Nh5 10. Bxe7 Qxe7 11. 0-0 f5 12. Qc2 0-0 13. Rae1 g6 14. Nc1 Rae8 15. a3 Qf6 16. Qf2 f4 17. e4 Qg5 18. Rd1 Qh6 19. Rfe1 g5 20. exd5 cxd5 21. Bb1 Ndf6 22. Re5 Kh8 23. Qe1 Bd7 24. Nd3 g4 25. Rxe8 Rxe8 26. Ne5 Qg7 27. Qh4 gxf3 28. Nxf3 Bg4 29. Rf1 Bxf3 30. Rxf3 Ng4 31. Nb5 Ngf6 32. Bd3 a6 33. Nd6 Rg8 34. Qg5 Qd7 35. Qe5 Rd8 36. Nf5 Re8 37. Qd6 Qf7 38. Qb4 Re6 39. Nd6 Qg8 40. Nxb7 Ng4 41. Nc5 Re3 42. Rf1 Re7 43. Nxa6 Ne3 44. Rf2 Rg7 45. Qb8 Qxb8 46. Nxb8 Rc7 47. Na6 Rc1+ 48. Bf1 Nc2 49. Nb4 Nxd4 50. Nxd5 Rd1 51. Nc3 Ra1 52. Rd2 Nf5 53. Rd1 Rxd1 54. Nxd1 Kg7 55. a4 Nf6 56. a5 Nd5 57. a6 Nd6 58. Nc3 Nb6 59. Bd3 1-0

[Event "Titled Tuesday intern op 04th Feb Early"]
[Site "Chess.com INT"]
[Date "2025.02.04"]
[Round "4"]
[White "Dominguez, Ramiro"]
[Black "Kiolbasa, Oliwia"]
[Result "0-1"]
[WhiteElo "2185"]
[BlackElo "2361"]
[PlyCount "86"]
[EventDate "2025.02.04"]
[EventType "swiss (blitz)"]
[EventRounds "11"]
[EventCountry "USA"]
[SourceTitle "CB07_2025"]
[SourceDate "2025.02.12"]
[SourceVersion "1"]
[SourceVersionDate "2025.02.12"]
[SourceQuality "1"]

1. e4 c5 2. Ne2 b6 3. g3 Bb7 4. Bg2 d5 5. Nbc3 d4 6. Nd5 e6 7. Ndf4 Nf6 8. d3 e5 9. Nh3 c4 10. f4 Bb4+ 11. Bd2 Bxd2+ 12. Qxd2 Ng4 13. 0-0 cxd3 14. cxd3 0-0 15. fxe5 Nc6 16. e6 fxe6 17. Ng5 Qe7 18. Bh3 h6 19. Bxg4 hxg5 20. Bh3 Rxf1+ 21. Rxf1 Rf8 22. Rxf8+ Kxf8 23. a3 Ne5 24. Bg2 Qc5 25. h3 Ke8 26. Kh2 Ba6 27. b4 Qd6 28. Qxg5 Nxd3 29. Nf4 Nxf4 30. gxf4 d3 31. e5 Qe7 32. Bc6+ Kf8 33. Qh5 Kg8 34. Qg6 d2 35. Be4 Qf7 36. Qh7+ Kf8 37. Qh8+ Ke7 38. Qh4+ Kd7 39. Bf3 Bd3 40. Qf2 Qxf4+ 41. Kg2 Be4 42. Qd4+ Ke7 43. Bxe4 d1Q 0-1

[Event "Titled Tuesday intern op 04th Feb Early"]
[Site "Chess.com INT"]
[Date "2025.02.04"]
[Round "1"]
[White "Kiolbasa, Oliwia"]
[Black "Esipenko, Andrey"]
[Result "1/2-1/2"]
[WhiteElo "2361"]
[BlackElo "2695"]
[PlyCount "63"]
[EventDate "2025.02.04"]
[EventType "swiss (blitz)"]
[EventRounds "11"]
[EventCountry "USA"]
[SourceTitle "CB07_2025"]
[SourceDate "2025.02.12"]
[SourceVersion "1"]
[SourceVersionDate "2025.02.12"]
[SourceQuality "1"]

1. e4 e6 2. d4 d5 3. e5 c5 4. c3 Nc6 5. Nf3 Bd7 6. Be2 Nge7 7. 0-0 Nf5 8. dxc5 a5 9. c4 dxc4 10. Nbd2 Bxc5 11. Nxc4 h6 12. g4 Nh4 13. Nd6+ Bxd6 14. Qxd6 h5 15. Ng5 hxg4 16. Rd1 Nf5 17. Nxf7 Nxd6 18. Nxd8 Nxe5 19. Rxd6 Rxd8 20. Bg5 Rc8 21. Rad1 Rc2 22. Bf4 Rxe2 23. Bxe5 Rxe5 24. Rxd7 Reh5 25. Rxb7 Rxh2 26. Rdd7 g3 27. Re7+ Kd8 28. Red7+ Kc8 29. Rdc7+ Kd8 30. Rd7+ Kc8 31. Rdc7+ Kd8 32. Rd7+ 1/2-1/2

[Event "Titled Tuesday intern op 04th Feb Early"]
[Site "Chess.com INT"]
[Date "2025.02.04"]
[Round "3"]
[White "Mikhaylova, Irina"]
[Black "Kiolbasa, Oliwia"]
[Result "1-0"]
[WhiteElo "2143"]
[BlackElo "2361"]
[PlyCount "85"]
[EventDate "2025.02.04"]
[EventType "swiss (blitz)"]
[EventRounds "11"]
[EventCountry "USA"]
[SourceTitle "CB07_2025"]
[SourceDate "2025.02.12"]
[SourceVersion "1"]
[SourceVersionDate "2025.02.12"]
[SourceQuality "1"]

1. d4 f5 2. Nf3 e6 3. g3 Nf6 4. Bg2 Be7 5. 0-0 Ne4 6. c4 d5 7. b3 Nc6 8. Ba3 Bf6 9. Bb2 h5 10. Nbd2 h4 11. Nxe4 fxe4 12. Ne5 hxg3 13. hxg3 Nxe5 14. dxe5 Be7 15. f3 c5 16. fxe4 Bg5 17. Bc1 d4 18. Bf4 Bd7 19. Qd2 Bxf4 20. Qxf4 Qe7 21. e3 dxe3 22. Qxe3 0-0-0 23. Rad1 Bc6 24. Rd6 Rxd6 25. exd6 Qxd6 26. e5 Qd4 27. Qxd4 cxd4 28. Bxc6 bxc6 29. c5 Rd8 30. Kf2 Rd5 31. Ke2 Rxe5+ 32. Kd3 Rxc5 33. Kxd4 Rg5 34. Rf7 Kb8 35. Re7 Rxg3 36. Kc5 Rc3+ 37. Kd6 e5 38. Rxe5 Rd3+ 39. Kxc6 Rc3+ 40. Kd6 Rc2 41. Re7 Rxa2 42. Rxg7 Rb2 43. Rg3 1-0

[Event "Titled Tuesday intern op 28th Jan Early"]
[Site "Chess.com INT"]
[Date "2025.01.28"]
[Round "2"]
[White "Montano Vicente, Guadalupe"]
[Black "Kiolbasa, Oliwia"]
[Result "1/2-1/2"]
[WhiteElo "1970"]
[BlackElo "2357"]
[PlyCount "156"]
[EventDate "2025.01.28"]
[EventType "swiss (blitz)"]
[EventRounds "11"]
[EventCountry "USA"]
[SourceTitle "CB06_2025"]
[SourceDate "2025.02.05"]
[SourceVersion "1"]
[SourceVersionDate "2025.02.05"]
[SourceQuality "1"]

1. d4 f5 2. e4 fxe4 3. Nc3 Nf6 4. Bg5 g6 5. h4 d5 6. f3 exf3 7. Nxf3 Nc6 8. Bb5 Qd6 9. Qd2 Bd7 10. 0-0-0 0-0-0 11. Rhe1 Ne4 12. Nxe4 dxe4 13. Rxe4 Qd5 14. Bxc6 Bxc6 15. Re3 h6 16. Bf4 e6 17. Be5 Rh7 18. b3 Rf7 19. c4 Qd7 20. Qd3 Rf5 21. g4 Rxf3 22. Rxf3 Bxf3 23. Qxf3 Ba3+ 24. Kb1 Rf8 25. Qe4 Qf7 26. Bg3 g5 27. hxg5 hxg5 28. Re1 Bb4 29. Qxe6+ Qxe6 30. Rxe6 Rf3 31. Be5 Rf1+ 32. Kc2 Rg1 33. Rg6 Rxg4 34. Rg8+ Kd7 35. Bf6 Rg2+ 36. Kd3 g4 37. Be5 Bd6 38. Rg7+ Kc6 39. Bxd6 cxd6 40. d5+ Kb6 41. Rd7 Rxa2 42. Rxd6+ Kc5 43. Rg6 Rg2 44. Kc3 g3 45. Rg4 Rg1 46. b4+ Kd6 47. Rg5 g2 48. c5+ Ke7 49. Kb2 Kf6 50. Rg8 Ke5 51. d6 Ke6 52. Rg7 a5 53. d7 Rd1 54. Rxg2 Kxd7 55. bxa5 Kc6 56. Rc2 Kb5 57. Rc1 Rd2+ 58. Rc2 Rxc2+ 59. Kxc2 Kxc5 60. Kb3 Kb5 61. a6 Kxa6 62. Kb4 Kb6 63. Kc4 Ka5 64. Kb3 Kb5 65. Ka3 Kc4 66. Kb2 b6 67. Kc2 b5 68. Kb2 Kb4 69. Kc2 Ka3 70. Kb1 Kb3 71. Ka1 Kc2 72. Ka2 b4 73. Ka1 Kc3 74. Kb1 Kb3 75. Ka1 Ka3 76. Kb1 b3 77. Ka1 b2+ 78. Kb1 Kb3 1/2-1/2

[Event "Titled Tuesday intern op 28th Jan Early"]
[Site "Chess.com INT"]
[Date "2025.01.28"]
[Round "7"]
[White "Piesik, Piotr"]
[Black "Kiolbasa, Oliwia"]
[Result "0-1"]
[WhiteElo "2422"]
[BlackElo "2357"]
[PlyCount "60"]
[EventDate "2025.01.28"]
[EventType "swiss (blitz)"]
[EventRounds "11"]
[EventCountry "USA"]
[SourceTitle "CB06_2025"]
[SourceDate "2025.02.05"]
[SourceVersion "1"]
[SourceVersionDate "2025.02.05"]
[SourceQuality "1"]

1. e4 e5 2. Nf3 Nc6 3. d4 exd4 4. Nxd4 Bc5 5. c3 Qf6 6. Be3 b6 7. Nf5 Nge7 8. Bxc5 bxc5 9. Ne3 0-0 10. Nd2 Re8 11. Be2 Rb8 12. Rb1 d6 13. 0-0 Qg6 14. f4 Rd8 15. f5 Qg5 16. Nec4 d5 17. exd5 Rxd5 18. Bf3 Rxf5 19. Ne4 Qh6 20. Qe2 Be6 21. Ne3 Re5 22. b3 f5 23. Rbd1 fxe4 24. Bg4 Rg5 25. Bxe6+ Qxe6 26. Qf2 h6 27. Nc4 Ne5 28. Ne3 Nd3 29. Qh4 Ng6 30. Kh1 Nxh4 0-1

[Event "BL 2425 (Women)"]
[Site "Germany"]
[Date "2025.01.26"]
[Round "4.2"]
[White "Khrapko, Marharyta"]
[Black "Kiolbasa, Oliwia"]
[Result "0-1"]
[WhiteElo "2156"]
[BlackElo "2374"]
[PlyCount "76"]
[EventDate "2024.11.16"]
[EventType "team-tourn"]
[EventRounds "11"]
[EventCountry "GER"]
[SourceTitle "CB14_2025"]
[SourceDate "2024.11.01"]
[SourceVersion "1"]
[SourceVersionDate "2024.11.01"]
[SourceQuality "1"]
[WhiteTeam "Bayern Muenchen (W)"]
[BlackTeam "Bad Koenigshofen (W)"]
[WhiteTeamCountry "GER"]
[BlackTeamCountry "GER"]

1. c4 e6 2. g3 d5 3. Bg2 Nf6 4. Nf3 d4 5. 0-0 c5 6. d3 Nc6 7. e3 h6 8. Re1 Be7 9. exd4 cxd4 10. Na3 0-0 11. Bf4 g5 12. Bd2 Nd7 13. h4 e5 14. hxg5 hxg5 15. Nh2 Nc5 16. f4 Nxd3 17. Qh5 Kg7 18. Rf1 f5 19. fxg5 Rh8 20. Qe2 e4 21. g4 Bd6 22. Nf3 exf3 23. Rxf3 Nde5 24. Rxf5 Bxf5 25. gxf5 d3 26. f6+ Kf8 27. Qf2 Ng4 28. Qf5 Qb6+ 29. c5 Bxc5+ 30. Kf1 Nh2+ 31. Ke1 Bxa3 32. g6 Qg1+ 33. Bf1 Re8+ 34. Kd1 Qxf1+ 35. Qxf1 Nxf1 36. g7+ Kf7 37. gxh8Q Rxh8 38. bxa3 Ne3+ 0-1

[Event "Titled Tuesday intern op 14th Jan Early"]
[Site "Chess.com INT"]
[Date "2025.01.14"]
[Round "9"]
[White "Kiolbasa, Oliwia"]
[Black "Cavadini, Ignacio"]
[Result "1-0"]
[WhiteElo "2357"]
[BlackElo "1992"]
[PlyCount "57"]
[EventDate "2025.01.14"]
[EventType "swiss (blitz)"]
[EventRounds "11"]
[EventCountry "USA"]
[SourceTitle "CB04_2025"]
[SourceDate "2025.01.22"]
[SourceVersion "1"]
[SourceVersionDate "2025.01.22"]
[SourceQuality "1"]

1. e4 e5 2. Nf3 d6 3. d4 f5 4. dxe5 fxe4 5. Ng5 d5 6. c4 c6 7. cxd5 cxd5 8. Nc3 Bb4 9. Bb5+ Nc6 10. 0-0 Nge7 11. Qh5+ g6 12. Qd1 0-0 13. e6 a6 14. Ba4 Bxc3 15. bxc3 Qc7 16. Bb3 Qe5 17. f4 exf3 18. Nxf3 Qxe6 19. Re1 Qd6 20. Bh6 Rf5 21. c4 Be6 22. Ng5 Rxg5 23. Bxg5 Bf7 24. cxd5 Qc5+ 25. Kh1 Nxd5 26. Rc1 Qa5 27. Rf1 Ncb4 28. Qd4 Re8 29. Bh6 1-0